Modernist world / (Record no. 47327)

MARC details
000 -LEADER
fixed length control field 00566nam a2200205Ia 4500
005 - DATE AND TIME OF LATEST TRANSACTION
control field 20260122095411.0
008 - FIXED-LENGTH DATA ELEMENTS--GENERAL INFORMATION
fixed length control field 260121s9999||||xx |||||||||||||| ||und||
020 ## - INTERNATIONAL STANDARD BOOK NUMBER
International Standard Book Number 9780367363574
082 ## - DEWEY DECIMAL CLASSIFICATION NUMBER
Classification number 305.8924
Item number ROS
100 ## - MAIN ENTRY--PERSONAL NAME
Personal name Ross, Stephen
245 #0 - TITLE STATEMENT
Title Modernist world /
250 ## - EDITION STATEMENT
Edition statement 1st ed.
260 ## - PUBLICATION, DISTRIBUTION, ETC. (IMPRINT)
Place of publication, distribution, etc Oxan :
Name of publisher, distributor, etc Routledge,
Date of publication, distribution, etc 2019.
300 ## - PHYSICAL DESCRIPTION
Extent xxxiiii, 615p.; pbk
650 ## - SUBJECT ADDED ENTRY--TOPICAL TERM
Topical term or geographic name as entry element Ethnic groups—Social conditions
650 ## - SUBJECT ADDED ENTRY--TOPICAL TERM
Topical term or geographic name as entry element Identity (Psychology)—Social aspects
650 ## - SUBJECT ADDED ENTRY--TOPICAL TERM
Topical term or geographic name as entry element Modernity—Social aspects
700 ## - ADDED ENTRY--PERSONAL NAME
Personal name Lindgren, Allana C.
942 ## - ADDED ENTRY ELEMENTS (KOHA)
Koha item type Text Books
Holdings
Date last seen Total Checkouts Full call number Barcode Price effective from Koha item type Lost status Damaged status Not for loan Collection code Withdrawn status Home library Current library Shelving location Date acquired Source of acquisition
10/02/2026   305.8924 ROS 52779 22/01/2026 Text Books       Non-fiction   CUTN Central Library CUTN Central Library Social Sciences 22/01/2026 T. R. Publications, Chennai - Invoice No. - TRPHO/2024/CRB/369 on 06-03-2025